000 00301nmm a2200109Ia 4500
008 220120s9999||||xx |||||||||||||||||und||
020 _a81-265-0287-8
082 _a620.4 HEG
100 _aHegde, R.K & Murthy, Niranjan
_96540
245 0 _aBasic Thermodynamics
260 _aSapna book house
_bDelhi
_c2011
999 _c139695
_d139695